000 00501nam a2200169Ia 4500
003 GCL
008 140319s9999 xx 000 0 eng d
040 _aGCL /
_cGCL
082 0 4 _a301.1
_bG N
100 1 _aGIDDENS, ANTHONY
245 1 0 _aNEW RULES OF SOCIOLGICAL MATHOD :A POSTIVE CRITIQUE OF INTER PRETATIVE SOCIOLOGIES /
_cGIDDENS, ANTHONY
260 _a[S.N] :
_bSTANFORD UNIVERSITY PRESS ،
_c1993
300 _a186P
650 0 4 _aSOCIALOGICAL MOTHOD
650 0 4 _aSOCIOLOGY
942 _2ddc
_cBK
999 _c11655
_d11655